000 00740nam a2200205Ia 4500
001 8879
003 GE_BSU
008 181216s||||||||xx |||||||||||||| ||und||
040 _cGE_BSU
080 _a821.353.1–1
100 _aკალაძე,კარლო
245 _aმგზავრობის დროს თქმული ლექსები
245 _cრედ.ლ.შარაშიძე;მხატვ.თ. აბაკელია
260 _aბათომი
260 _bაჭარისტანის სახელგამი
260 _c1935
300 _a62გვ. 14სმ.
653 _aმგზავრობის დროს თქმული ლექსები
942 _cBK
999 _c42186
_d42186